000 01431ntm a2200205 a 4500
008 170302t2000 ag ||||g |||| 001 0 spa d
020 _a9509009075
041 _aspa
092 _c823
_l13
_sCOR
100 1 _aCornwell, Bernard
_93481
245 _aStonechengue.
_bUna novela del año 2000 A.C /
_cBernard Cornwell
250 _a1a ed.
_bTraducción Eduardo Iriarte Goñi
260 _aBuenos Aires:
_bEdhasa;
_c2004.
300 _a528 p.
_c23x15 cm.
500 _aCornwell, B. (2004). Stonehenge. Una novela del año 2000 A.C. (1a ed.). Buenos Aires : Edhasa.
505 _aHace unos cuatro mil años, una tribu del sudoeste de Gran Bretaña llevó a cabo una de las mayores hazañas arquitectónicas de todos los tiempos: Stonehenge, un santuario hecho a base de inmensos bloques de piedra traídos de tierras lejanas. La grandiosidad de la obra a dejado perplejos a los investigadores a los largo de los siglos. ¿Qué llevó a aquellos hombres a acometer semejante empresa? ¿Cuáles eran sus nombres, sus motivaciones, sus dioses? Bertrand Cornwell responde a éstas y muchas otras preguntas a través de la historia de los tres hijos del jefe de la tribu de Ratharryn: Lengar, Camaban y Saban; el guerrero, el visionario y el constructor. Tres hermanos que, cada uno a su modo, osaron desafiar al mismísimo dios del Sol.
590 _aDonacion Maria Vitarelli, diciembre 2017
655 _aNovela
_93091
942 _2ddc
_cBK
999 _c2632
_d2632